| 000 | 00606nam a2200193 i 4500 | ||
|---|---|---|---|
| 001 | 92293 | ||
| 003 | ES-MaACL | ||
| 005 | 20230906180934.0 | ||
| 007 | t| | ||
| 008 | 050224s1970 sp ||||1| spa d | ||
| 100 | 1 |
_aLicht, Sidney. _972182 |
|
| 245 | 1 | 0 |
_aElectrodiagnóstico y electromiografía / _cSidney Licht; versión A. Jornet; revisado por Juán García Alsina. |
| 250 | _a[1ª ed.]. | ||
| 260 |
_aBarcelona : _bJims, _c[1970] |
||
| 300 |
_aXIX, 495 p. : _bil. ; _c22 cm. |
||
| 700 | 1 |
_aJornet Cases, A. _966960 |
|
| 700 | 1 |
_aGarcía Alsina, Juan. _954145 |
|
| 852 |
_aES-MaACL _jC-39089 _bR.74822 |
||
| 999 |
_c92293 _d92293 |
||